000 00830nam a2200301Ia 4500
001 7768
003 IT-RoPAU
008 130308s9999 xx 000 0 und d
040 _aIT-RoPAU
040 _cIT-RoPAU
041 _aFRANCESE
100 _aEek Hilding
100 _gCodice Aut. SPICS: 11168
245 _aCooperation internationale et controle international
245 _bInformation a l'ere spatiale (L')
250 _a1a ed.
260 _aPARIS
260 _bUnesco
260 _c1968 [1° Ed.:1968 - Ed.Ling.Originale:1968]
300 _a"10 p. (prefazione: no ; testo: 10 [pagine: 179-188])"
500 _aCooperazione e Controllo Internazionale
650 _aSAGGI DI COMUNICAZIONE SOCIALE
650 _eCodice materia Spics: 3807
942 _cBK
957 _71
999 _c44836
_d44836
999 _bSI
999 _g1